000
00299nam a22001337a 4500
003
SGT
082
_a
340,SIN
100
_a
SINGH, AVTAR
245
_a
INTO. TO THE LAW OF TORTS & CONSUMER
260
_a
GURGAON
_b
LEXIS NEXIS
_c
2013
300
_a
363
650
_a
THE LAW OF TORTS
942
_2
ddc
_c
BK
999
_c
11269
_d
11269